000 01517cas a2200385 a 4500
008 890706c19899999enkqr p o 0 0eng c
010 _a 94659551
_zsn 89044326
022 _a0955-5803
040 _aUkNcU
_cUkNcU
_dWaU
_dMH
_dNST
_dMH
_dDLC
_dMiU
_dOCoLC
_dMH
_dGU
_dOCoLC
_dNLGGC
_dCaQMU
_dGU
_dOCoLC
_dUKMGB
_dIEN
041 0 _aeng
_bjpn
043 _aa-ja---
050 0 0 _aDS801
_b.J257
092 0 4 _a952.005
_bJ356
_221
099 _a04
_a952.005 J356
130 0 _aJapan forum (Oxford, England)
245 0 0 _aJapan forum.
246 1 5 _aJapan foramu
_f<Oct. 1993->
260 _a[Oxford, England] :
_bOxford University Press for the British Association for Japanese Studies,
_cc1989-
260 3 _3<Mar. 2011->:
_aRoutledge Journals, Taylor & Francis for the British Association for Japanese Studies
300 _av. :
_bill. ;
_c25 cm.
310 _aQuarterly,
_b2010-
321 _aSemiannual,
_b1989-2001
321 _aThree times a year,
_b2002-2009
362 0 _aVol. 1, no. 1 (Apr. 1989)-
500 _aTitle from cover.
546 _aIn English with summaries in Japanese; in English, <2011->
651 0 _aJapan
_vPeriodicals.
651 6 _aJapon
_vPâeriodiques.
710 2 _aBritish Association for Japanese Studies.
776 0 8 _iOnline version:
_tJapan forum (Oxford, England : Online)
_x1469-932X
_w(DLC) 2008233175
_w(OCoLC)45690021
905 _aJamal
_eCat.
905 _eRev.
942 _2ddc
_cBK
999 _c131371
_d131371